Retail bounces back after bad year (Record no. 70586)

MARC details
000 -LEADER
fixed length control field 00818cam a2200181 4500
001 - CONTROL NUMBER
control field WB3823-11
008 - FIXED-LENGTH DATA ELEMENTS--GENERAL INFORMATION
fixed length control field 020626n2002 000 0 eng u
035 ## - SYSTEM CONTROL NUMBER
System control number (Sirsi) u118542
245 ## - TITLE STATEMENT
Title Retail bounces back after bad year
260 ## - PUBLICATION, DISTRIBUTION, ETC.
Date of publication, distribution, etc. 2002
490 ## - SERIES STATEMENT
Series statement Estates Gazette
Volume/sequential designation (0225) 22 June 2002, 40(1)
520 ## - SUMMARY, ETC.
Summary, etc. Colliers CRE's latest research shows that retail rental returns have increased by 4.1% for the first half of 2002 and growth is expected to continue. However it also showed a North/South divide. The "UK retail report - mid year 2002" can be found at http://www.colliersmn.com/prod/ccgrd.nsf/Region/F7E6ED95B1D305E585256BE2004D408D?OpenDOcument
590 ## - LOCAL NOTE (RLIN)
Local note WB
650 ## - SUBJECT ADDED ENTRY--TOPICAL TERM
Topical term or geographic name entry element RETAIL RENTAL GROWTH
650 ## - SUBJECT ADDED ENTRY--TOPICAL TERM
Topical term or geographic name entry element RETAIL RENTS
690 ## - LOCAL SUBJECT ADDED ENTRY--TOPICAL TERM (OCLC, RLIN)
Topical term or geographic name as entry element PROPERTY-COMMERCIAL PROPERTY-RETAIL PROPERTY
942 ## - ADDED ENTRY ELEMENTS (KOHA)
Suppress in OPAC 0
Holdings
Withdrawn status Lost status Source of classification or shelving scheme Damaged status Not for loan Home library Current library Shelving location Date acquired Total Checkouts Full call number Barcode Date last seen Copy number Price effective from Koha item type
    Dewey Decimal Classification     London London News article 26/06/2002   WB3823-11 118542-1001 06/08/2019 1 06/08/2019 News article